[Event "1st Women's Masters"]
[Site "Belfort FRA"]
[Date "2002.07.04"]
[Round "7"]
[White "Bojkovic,N"]
[Black "Roumegous,M"]
[Result "1-0"]
[WhiteElo "2431"]
[BlackElo "2220"]
[EventDate "2002.06.27"]

1. c4 e6 2. g3 d5 3. Bg2 Nf6 4. d4 dxc4 5. Qa4+ Nbd7 6. Qxc4 a6 7. Bf4 Bd6
8. Nd2 Nb6 9. Qd3 Bxf4 10. gxf4 Nbd5 11. e3 Bd7 12. Ngf3 Bb5 13. Qb3 Rb8
14. Ne5 O-O 15. a4 Be8 16. O-O c5 17. Qc4 cxd4 18. Qxd4 Qe7 19. Nb3 Nb4 20.
Rfc1 Nfd5 21. Qc5 Qh4 22. Nd2 f6 23. Nef3 Qg4 24. h3 Qg6 25. f5 exf5 26.
Nh4 Qg5 27. Nhf3 Qh5 28. Qd6 Bf7 29. Nd4 Rfd8 30. Qg3 Nd3 31. Rc2 f4 32.
exf4 N5xf4 33. N2f3 Rbc8 34. Rxc8 Rxc8 35. Bf1 Qg6 36. Rd1 Nxb2 37. Rd2
Nxa4 38. Kh2 Qxg3+ 39. fxg3 Nd5 40. Nf5 Kf8 41. Nd6 Ne3 42. Be2 Rc7 43. Rd3
Rc3 44. Rd4 Nc5 45. Kg1 Be6 46. g4 b5 47. Kf2 Ke7 48. Nh4 g6 49. Nf3 b4 50.
Ne4 Nc2 51. Rxb4 Nxb4 52. Nxc3 a5 53. Nd4 Bf7 54. Bd1 Ncd3+ 55. Ke3 Nb2 56.
Bf3 Nc4+ 57. Kf4 Nd3+ 58. Kg3 Nde5 59. Bd1 Ne3 60. Ba4 Nd5 61. Ne4 Nb6 62.
Bb5 Bc4 63. h4 Bxb5 64. Nxb5 a4 65. g5 f5 66. Nf6 h6 67. Ng8+ Kf7 68. Nxh6+
Kg7 69. Kf4 Nd3+ 70. Ke3 Ne1 71. Kf2 Nc2 72. Ke2 a3 73. Nxa3 Nxa3 74. Kf3
Nd5 75. h5 Nc4 76. hxg6 Ne5+ 77. Kf2 f4 78. Nf5+ Kxg6 79. Nd4 Nc3 80. Ne6
Ne4+ 81. Kf1 f3 82. Nd4 1-0

[Event "1st Women's Masters"]
[Site "Belfort FRA"]
[Date "2002.07.05"]
[Round "8"]
[White "Roumegous,M"]
[Black "Ionescu Brandis,I"]
[Result "0-1"]
[WhiteElo "2220"]
[BlackElo "2319"]
[EventDate "2002.06.27"]

1. d4 d5 2. Nf3 Nf6 3. e3 Bf5 4. c4 e6 5. Nc3 c6 6. Bd3 Bg6 7. O-O Nbd7 8.
b3 Bd6 9. Qc2 O-O 10. Bxg6 hxg6 11. Rd1 Qa5 12. Rb1 b5 13. c5 Bb8 14. b4
Qc7 15. e4 a5 16. e5 axb4 17. Rxb4 Qa5 18. Rb3 Nh7 19. Ra3 Qxa3 20. Bxa3
Rxa3 21. Rb1 Bc7 22. Rb3 Ra7 23. h3 Rfa8 24. g4 Ba5 25. Ne2 Bd8 26. Nc3 Ba5
27. Nb1 Bd8 28. a3 Ng5 29. Ne1 Ra4 30. Qd3 Ne4 31. Rb2 Bh4 32. f3 Nexc5 33.
dxc5 Bxe1 34. Qe3 Bg3 35. Rb4 Bxe5 36. f4 Bf6 37. g5 Be7 38. Rxa4 Rxa4 39.
Kg2 Bxc5 40. Qc1 Rc4 41. Qd2 Bb6 42. h4 Bc7 43. Qf2 Nc5 44. h5 gxh5 45. f5
Rg4+ 46. Kh1 Ne4 47. Qa7 Bd6 48. g6 fxg6 49. fxe6 c5 50. Qf7+ Kh7 51. e7
Ng3+ 52. Kg2 Nf5+ 53. Kf1 Nxe7 54. Qe6 Nf5 55. Nc3 d4 56. Nxb5 Re4 57. Qd7
Bg3 58. a4 Nh4 0-1

[Event "1st Women's Masters"]
[Site "Belfort FRA"]
[Date "2002.07.05"]
[Round "8"]
[White "Nepeina Leconte,M"]
[Black "Muller,A"]
[Result "1-0"]
[WhiteElo "2308"]
[BlackElo "2167"]
[EventDate "2002.06.27"]

1. e4 c5 2. Nf3 d6 3. d4 cxd4 4. Nxd4 Nf6 5. Nc3 Nc6 6. Bc4 Qb6 7. Nb3 e6
8. O-O Be7 9. a4 a6 10. a5 Qc7 11. Be2 O-O 12. Be3 Nb4 13. Bb6 Qb8 14. Ra4
Nc6 15. Nd2 Bd7 16. Ra1 Nb4 17. Na4 Bxa4 18. Rxa4 d5 19. c3 Nc6 20. f4 dxe4
21. f5 exf5 22. Rxf5 Qc8 23. Qf1 e3 24. Ne4 Nxe4 25. Rxe4 Qd7 26. Ref4 Nd8
27. Rd4 Qc6 28. Rc4 Qe6 29. Rg4 Rc8 30. Bd4 g6 31. Qf4 Nc6 32. Qh6 Nxd4 33.
Rh5 1-0

[Event "1st Women's Masters"]
[Site "Belfort FRA"]
[Date "2002.07.05"]
[Round "8"]
[White "Velcheva,M"]
[Black "Bojkovic,N"]
[Result "1/2-1/2"]
[WhiteElo "2327"]
[BlackElo "2431"]
[EventDate "2002.06.27"]

1. e4 c5 2. Nf3 d6 3. d4 cxd4 4. Nxd4 Nf6 5. Nc3 Nc6 6. f3 a6 7. Be3 d5 8.
Nxd5 Nxd5 9. exd5 Qxd5 10. Nxc6 Qxc6 11. Bd3 e6 12. Be4 Qb5 13. Qd4 f5 14.
Bd3 Qb4+ 15. Kf2 Qxd4 16. Bxd4 Bd7 17. Rhe1 Kf7 18. Bc4 Rc8 19. Bb3 Re8 20.
Rad1 Bc8 21. Rd3 Bb4 22. c3 Be7 23. f4 Bf6 24. Bxf6 Kxf6 25. Rd6 Rhg8 26.
h4 g6 27. g3 h6 28. Rb6 1/2-1/2

[Event "1st Women's Masters"]
[Site "Belfort FRA"]
[Date "2002.07.06"]
[Round "9"]
[White "Bojkovic,N"]
[Black "Nepeina Leconte,M"]
[Result "1-0"]
[WhiteElo "2431"]
[BlackElo "2308"]
[EventDate "2002.06.27"]

1. c4 e6 2. Nc3 d5 3. cxd5 exd5 4. d4 c5 5. Nf3 Nc6 6. g3 Nf6 7. Bg2 Be7 8.
O-O O-O 9. b3 Ne4 10. Bb2 Bf6 11. Na4 b6 12. Rc1 Ba6 13. dxc5 Bxb2 14. Nxb2
bxc5 15. Na4 Re8 16. Re1 c4 17. Nd2 Qf6 18. Nxe4 dxe4 19. Nc3 e3 20. f4
Rac8 21. bxc4 Na5 22. c5 Bb7 23. Qa4 Bxg2 24. Kxg2 Nb7 25. Ne4 Qe6 26. Ng5
Qd5+ 27. Nf3 Nxc5 28. Qxa7 Nd3 29. exd3 Ra8 30. Qc7 Qxd3 31. Qc2 Qd5 32.
Re2 h6 33. Qb3 Qe4 34. Rce1 Rec8 35. Qxe3 Qd5 36. a3 Qd6 37. Ra1 1-0

[Event "1st Women's Masters"]
[Site "Belfort FRA"]
[Date "2002.07.06"]
[Round "9"]
[White "Velcheva,M"]
[Black "Roumegous,M"]
[Result "0-1"]
[WhiteElo "2327"]
[BlackElo "2220"]
[EventDate "2002.06.27"]

1. e4 e6 2. d3 d5 3. Qe2 Ne7 4. Nf3 c5 5. g3 Nbc6 6. Bg2 Qc7 7. O-O g6 8.
exd5 Nxd5 9. c4 Nde7 10. Bf4 Qd8 11. Be5 Rg8 12. Bf6 Bg7 13. Bxg7 Rxg7 14.
Ng5 Nf5 15. Ne4 Nfd4 16. Qd2 Qe7 17. Nbc3 Bd7 18. Rfe1 Ne5 19. Qd1 f5 20.
f4 fxe4 21. fxe5 exd3 22. Qxd3 O-O-O 23. Ne4 Bc6 24. Nd6+ Kb8 25. b4 Bxg2
26. Kxg2 Qc7 27. bxc5 Qxc5 28. Rab1 Nf5 29. Ne4 Qc7 30. Qc3 Rgd7 31. c5 Rd3
32. Qb4 Ne3+ 33. Rxe3 Rxe3 34. Nd6 Qc6+ 35. Kh3 Rd7 36. Qa5 Ka8 37. Rf1 Rf3
38. Rb1 Rf2 39. Rb3 Qg2+ 40. Kg4 Qxh2 0-1

[Event "1st Women's Masters"]
[Site "Belfort FRA"]
[Date "2002.07.06"]
[Round "9"]
[White "Muller,A"]
[Black "Ionescu Brandis,I"]
[Result "0-1"]
[WhiteElo "2167"]
[BlackElo "2319"]
[EventDate "2002.06.27"]

1. e4 g6 2. d4 Bg7 3. Nc3 c6 4. Bc4 d6 5. Qf3 e6 6. Nge2 b5 7. Bb3 a5 8. a4
b4 9. Nd1 Ba6 10. c3 Nd7 11. Ne3 Ne7 12. O-O c5 13. Nc4 Nb6 14. Nxb6 Qxb6
15. dxc5 dxc5 16. Bc2 Nc6 17. Re1 O-O 18. Bg5 b3 19. Bb1 Ne5 20. Qg3 Nc4
21. Bc1 Rfd8 22. Bd3 Rxd3 23. Qxd3 Nxb2 24. Qg3 Nd3 25. Rd1 Ne5 26. Qe3 b2
27. Bxb2 Qxb2 28. Ng3 Nd3 29. Ne2 Rb8 30. h4 Ne5 31. Ng3 Ng4 32. Qxc5 Bxc3
33. Qa7 Rb6 34. Rd8+ Kg7 35. Rad1 Qxf2+ 36. Kh1 Qxg3 0-1

[Event "1st Women's Masters"]
[Site "Belfort FRA"]
[Date "2002.07.07"]
[Round "10"]
[White "Roumegous,M"]
[Black "Muller,A"]
[Result "0-1"]
[WhiteElo "2220"]
[BlackElo "2167"]
[EventDate "2002.06.27"]

1. d4 Nf6 2. Nf3 e6 3. e3 c5 4. Bd3 Nc6 5. Nbd2 d5 6. c3 Bd6 7. O-O O-O 8.
dxc5 Bxc5 9. e4 Qc7 10. Qe2 Ng4 11. h3 Nge5 12. Bc2 Bb6 13. exd5 exd5 14.
Nxe5 Nxe5 15. Nf3 Ng6 16. Rd1 Bd7 17. Qd3 Rfe8 18. Nd4 Qe5 19. Be3 Qh5 20.
Qf1 Bc7 21. Qe2 Qe5 22. Nf3 Qd6 23. Qd3 Bc6 24. Bd4 a6 25. a4 b5 26. g3 Qd7
27. Kg2 bxa4 28. Re1 Bb5 29. Qd2 Rxe1 30. Rxe1 Re8 31. Qg5 Rxe1 32. Nxe1
Qe7 33. Qd2 Ne5 34. Qd1 Nc4 35. Nd3 a3 36. Kg1 Nxb2 37. Qg4 f6 38. Bc5 Qd7
39. Qxd7 Bxd7 40. Bxa3 Nc4 41. Bc1 a5 42. h4 Bd6 43. Bb3 Kf8 44. Nb2 Nxb2
45. Bxb2 Bc6 46. Kf1 a4 47. Ba2 a3 48. Bc1 Bb5+ 49. Ke1 Bc4 50. Bxc4 dxc4
51. Kd2 Ke7 52. Kc2 a2 53. Kb2 Ba3+ 0-1